Woher stammt der Begriff "Sudetendeutsche"

Titel: Woher stammt der Begriff "Sudetendeutsche"
Verfasser:
In: Seliger-Gemeinde: Sudeten-Jahrbuch der Seliger-Gemeinde, Band 46 (1997), Seite 22-27
alle Artikel anzeigen
Veröffentlicht: 1997 [1996]
Format: Aufsatz
Sprache: Deutsch
Kein Bild verfügbar
X
alg: 39160125
001A    $01999:11-11-16 
001B    $01999:25-04-21 $t10:53:05.000 
001D    $01999:11-11-16 
001U    $0utf8 
001X    $00 
002@    $0Aox 
003@    $0391601253 
007A    $0391601253 $aHEB 
007T    $0Herd01232 
010@    $ager 
011@    $a1997 $n1997 [1996] 
021A    $aWoher stammt der Begriff "Sudetendeutsche" 
028A    $aWerner $dEmil 
031A    $d46 $h22-27 $j1997 
039B    $aIn $8--Abvc--Seliger-Gemeinde [Tb1]. Sudeten-Jahrbuch der Seliger-Gemeinde. - München : Die Brücke, 1952-2003 $x199700000460000978 $9047713011 
045F    $a306.094371 $eDDC23BSB 
045F/01 $a306.09 
045F/03 $g4371 

lok: 39160125 78

exp: 39160125 78 1 #EPN
201B/01 $026-11-17 $t00:45:46.000 
201U/01 $0utf8 
203@/01 $0787695580 
208@/01 $a11-11-16 $be 
209A/01 $a/ $f000 $x00 
220C/01 $aTitelaufnehmer: rk 
244Z/01 $#Tschechien $#Tschechische Republik $#Tschechische Republik $#Tschechenland $#Tschechei Tschechien $#Česká Republika $#Czech Republic $#ČR $74303381-7 $8--Tg1--Tschechien $x01 $9086659812 
244Z/01 $2Trx $#Böhmen $#Bohemia $#Czechy $8--Trx--Čechy $x02 $9391188941 
244Z/01 $aGeschichte 1897-1918 $x03 
244Z/01 $2Trx $#sudeedisakslased $#Sudetų vokiečiai $#Sudeto-Germans $#szudéta német $#Niemcy Sudeccy $#Nemci sudetskí $#Němci sudetští $8--Trx--Sudetendeutsche $x04 $9391356666 
244Z/01 $2Trx $8--Trx--Zeitschriftenaufsatz $x05 $9391384341 
245Z/01 $a08.04.01 $x01 
247C/01 $82080>Marburg/Lahn, Herder-Institut, Forschungsbibliothek, Bibliographieportal $9336309341
LEADER 00000caa a22000002c 4500
001 391601253
003 DE-603
005 20210425105305.0
007 tu
008 161111s1997 xx |||| | u00||u|ger c
035 |a (DE-599)HEB391601253 
040 |a DE-603  |b ger  |c DE-603  |d DE-603 
041 |a ger 
082 0 4 |8 1\u  |a 306.094371  |q DE-101  |2 23/BSB 
085 |8 1\u  |b 306.09 
085 |8 1\u  |z 2  |s 4371 
100 1 |a Werner, Emil 
245 0 0 |a Woher stammt der Begriff "Sudetendeutsche" 
264 0 |c 1997 [1996] 
773 0 8 |i In  |a Seliger-Gemeinde  |t Sudeten-Jahrbuch der Seliger-Gemeinde  |d München : Die Brücke, 1952-2003  |h 21 cm  |g Band 46 (1997), Seite 22-27  |w (DE-603)047713011  |w (DE-600)511910-8 
924 0 |9 2080  |a (DE-603)787695580  |b DE-2080  |c HES  |d d  |g /